Karnataka rajyapathra IV-A, 775, 2005 (Record no. 174807)
[ view plain ]
| 000 -LEADER | |
|---|---|
| fixed length control field | 00574nam a2200205Ia 4500 |
| 003 - CONTROL NUMBER IDENTIFIER | |
| control field | OSt |
| 005 - DATE AND TIME OF LATEST TRANSACTION | |
| control field | 20230602121327.0 |
| 008 - FIXED-LENGTH DATA ELEMENTS--GENERAL INFORMATION | |
| fixed length control field | 210423s2006 xx 000 0 und d |
| 040 ## - CATALOGING SOURCE | |
| Transcribing agency | AL |
| 041 ## - LANGUAGE CODE | |
| Language code of text/sound track or separate title | eng |
| 082 ## - DEWEY DECIMAL CLASSIFICATION NUMBER | |
| Classification number | 361.05 |
| Edition number | 23 |
| Item number | KARN |
| 100 ## - MAIN ENTRY--PERSONAL NAME | |
| Personal name | Karnataka government |
| 9 (RLIN) | 118940 |
| 245 ## - TITLE STATEMENT | |
| Title | Karnataka rajyapathra IV-A, 775, 2005 |
| 260 ## - PUBLICATION, DISTRIBUTION, ETC. | |
| Name of publisher, distributor, etc. | Government Of Karnataka |
| Date of publication, distribution, etc. | 2006 |
| 300 ## - PHYSICAL DESCRIPTION | |
| Extent | 75 |
| Other physical details | PB |
| 365 ## - TRADE PRICE | |
| Currency code | INR |
| 650 ## - SUBJECT ADDED ENTRY--TOPICAL TERM | |
| Topical term or geographic name entry element | Social Problems & Social Welfare |
| 9 (RLIN) | 118941 |
| 906 ## - LOCAL DATA ELEMENT F, LDF (RLIN) | |
| a | Karnataka ; law ; notification: ; rajyapathra ; secretarial. |
| 942 ## - ADDED ENTRY ELEMENTS (KOHA) | |
| Source of classification or shelving scheme | Dewey Decimal Classification |
| Koha item type | Book |
| Withdrawn status | Lost status | Damaged status | Not for loan | Collection code | Home library | Current library | Date acquired | Total Checkouts | Full call number | Barcode | Date last seen | Price effective from | Koha item type | Public note |
|---|---|---|---|---|---|---|---|---|---|---|---|---|---|---|
| Discarded | MSW | St Aloysius PG Library | St Aloysius PG Library | 05/12/2007 | 361.05 KARN | PG021495 | 08/24/2022 | 04/26/2021 | Book | Discarded |